000
00312nam a22001457a 4500
008
230213b ||||| |||| 00| 0 eng d
020
_a
9780895827852
041
_a
eng
080
_a
573
082
_a
573WIS
100
_a
15
101
_a
BIOLO
245
_a
MARINE BIOLOGY
_c
WISEHART .D.G
942
_2
udc
_c
BK
999
_c
59354
_d
59354